Biblioteca

A celebracao de natal de 1806 : Uma introducao aos princípios e ás Raízes sociais da cristologia de Schleiermacher (Registro nro. 50029)

Detalles MARC
000 -LÍDER
Campo fijo de descripción fija 006720000a22001930004500
001 - NÚMERO DE CONTROL
Campo de control 768714001
003 - IDENTIFICADOR DEL NÚMERO DE CONTROL
Campo de control CO-MdFUSB
005 - FECHA Y HORA DE LA ULTIMA TRANSACCIÓN
control field 20170701145608.0
008 - ELEMENTOS DE LONGITUD FIJA -- INFORMACIÓN GENERAL
Campo fijo de descripción fija -- Información general 170701s1 ag ||||| |||| 00| 0 p d
022 ## - NÚMERO INTERNACIONAL NORMALIZADO PARA PUBLICACIONES SERIADAS
Número Internacional Normalizado para Publicaciones Seriadas 0326-7637
040 ## - FUENTE DE CATALOGACIÓN
Agencia Catalogadora CO-MdFUSB
Idioma de catalogación por
Agencia que realiza la transcripción CO-MdFUSB
Agencia que realiza la modificación CO-MdFUSB
041 ## - CÓDIGO DE IDIOMA
Código de idioma para texto/pista de sonido o título separado por
100 1# - ASIENTO PRINCIPAL--NOMBRE PERSONAL
Nombre personal Dreher, Luis H.
Término relacionador autor
245 10 - TÍTULO
Título A celebracao de natal de 1806 : Uma introducao aos princípios e ás Raízes sociais da cristologia de Schleiermacher
300 ## - DESCRIPCIÓN FÍSICA
Extensión Volumen 17 (1998), Páginas 161-172
Dimensiones 23 cm.
546 ## - NOTA DE IDIOMA
Nota de idioma Texto en español
773 0# - ASIENTO DE ITEM FUENTE
Título Cuadernos de Teología
Biblionumber 49404
Itemnumber 59704
Parte(s) relacionada(s) / Volumen., número. (mes año), páginas Volumen 17 (1998), Páginas 161-172
Enumeración y primera página Página 161
942 ## - TIPO DE MATERIAL (KOHA)
Tipo de Item KOHA Artículos de Revista
Existencias
Expurgo - (Retirado) Estado de Perdido Estado de Dañado No prestable Colección Ubicación habitual Ubicación actual Fecha de Adquisición Signatura Topográfica Tipo de Material
        Colección de Hemeroteca Biblioteca FUSBC Biblioteca FUSBC 26/01/2016 Artículos de Revista

Biblioteca FUSBC | Teléfono: (57+4) 349 88 10 Ext. 141| WhatsApp (+57) 3005338115 
E-mail: biblioteca@unisbc.edu.co | Calle 76 87-14 Robledo Palenque, Medellín, Colombia

Con tecnología Koha